Statistics for Országok Legközelebb Magyarország

Click here to take the quiz!

General Stats

  • This quiz has been taken 107 times
    (74 since last reset)
  • The average score is 17 of 20

Answer Stats

km ország % Correct
0Románia
95%
0Szlovákia
95%
0Ausztria
94%
0Szerbia
94%
76Lengyelország
91%
0Horvátország
91%
0Szlovénia
89%
0Ukrajna
89%
220Németország
89%
187Olaszország
83%
258Bulgária
82%
68Bosznia és Hercegovina
79%
246Montenegró
79%
69Csehország
77%
279Moldova
77%
428Svájc
76%
357Albánia
74%
318Koszovó
71%
357Fehéroroszország
68%
421San Marino
59%

Score Distribution

Percentile by Number Answered

Percent of People with Each Score

Your Score History

You have not taken this quiz since the last reset